Music Quiz

Random Music or Kpop Quiz

Kpop groups WITHOUT a foreign member Quiz Stats

 Plays Quiz not verified by Sporcle

Score 0/20 Timer 10:00
2 Plays Today
% Correct
Big Bang
96.5%
SHINee
95.6%
WINNER
95%
Astro
93.2%
EXID
92.2%
VIXX
91.6%
G-Friend
91.2%
Monsta X
90.8%
APink
90.4%
Block B
89.3%
% Correct
Infinite
88.8%
iKON
85.4%
KNK
78.9%
A.C.E
77.9%
Lovelyz
76.5%
ATEEZ
75.6%
Oh My Girl
75.1%
SF9
74.8%
T-ara
74.4%
Red Velvet
66.3%

You're not logged in!

Compare scores with friends on all Sporcle quizzes.
OR
Log In

Show Comments

Extras

Top Quizzes Today


Score Distribution

Your Account Isn't Verified!

In order to create a playlist on Sporcle, you need to verify the email address you used during registration. Go to your Sporcle Settings to finish the process.

Report this User

Report this user for behavior that violates our Community Guidelines.

Details: